| 000 | 00538nam a2200169Ia 4500 | ||
|---|---|---|---|
| 008 | 140512s9999 xx 000 0 und d | ||
| 020 | _a9780198390244 | ||
| 050 |
_aQC 21 _b.R462 2013 |
||
| 100 | _aReynolds, Helen. | ||
| 245 |
_aComplete physics for Cambridgee secondary 1 / _cHelen Reynolds |
||
| 260 |
_aNew York : _bOxford University Press, _cc2013. |
||
| 300 |
_a255 p. : _bcol. Ill. ; _c28 cm. |
||
| 500 | _aIncludes Reference, Glossary, Index | ||
| 650 |
_aPhysics _xExamination -- Study guides |
||
| 942 | _cBK | ||
| 999 |
_c116679 _d116679 |
||